书目信息 |
| 题名: |
听王国维谈国学
|
|
| 作者: | 袁小兵 著 | |
| 分册: | ||
| 出版信息: | 北京 中国华侨出版社 2017 |
|
| 页数: | 291页 | |
| 开本: | 23cm | |
| 丛书名: | ||
| 单 册: | ||
| 中图分类: | Z126-49 | |
| 科图分类: | ||
| 主题词: | 国学--guo xue--通俗读物 | |
| 电子资源: | ||
| ISBN: | 978-7-5113-6369-5 | |
| 000 | 00917nam0 22002531 450 | |
| 001 | 0118172421 | |
| 005 | 20170618172421.0 | |
| 010 | @a978-7-5113-6369-5@dCNY36.00 | |
| 100 | @a20170215d2017 em y0chiy50 ea | |
| 101 | 0 | @achi |
| 102 | @aCN@b110000 | |
| 105 | @ay z 000yy | |
| 106 | @ar | |
| 200 | 1 | @a听王国维谈国学@Ating wang guo wei tan guo xue@f袁小兵著 |
| 210 | @a北京@c中国华侨出版社@d2017 | |
| 215 | @a291页@d23cm | |
| 300 | @a聆听大师 经典珍藏版 | |
| 314 | @a袁小兵,毕业于西北大学中文系,现从事语文教学与研究工作。主编有《围炉夜话》《小窗幽记》等。 | |
| 330 | @a本书是一本国学方面的通俗读物。该书选取王国维国学思想的精髓,在历史、哲学、文学、美学等领域进行深入的解读,以大师的角度关注华夏文化,展现国学之深厚底蕴。 | |
| 606 | 0 | @a国学@Aguo xue@j通俗读物 |
| 690 | @aZ126-49@v5 | |
| 701 | 0 | @a袁小兵@Ayuan xiao bing@4著 |
| 801 | 0 | @aCN@bTANGWEI@c20170616 |
| 905 | @b1009935-40@dZ126-49@e130@f6 | |
| 听王国维谈国学/袁小兵著.-北京:中国华侨出版社,2017 |
| 291页;23cm |
| 聆听大师 经典珍藏版 |
| ISBN 978-7-5113-6369-5:CNY36.00 |
| 本书是一本国学方面的通俗读物。该书选取王国维国学思想的精髓,在历史、哲学、文学、美学等领域进行深入的解读,以大师的角度关注华夏文化,展现国学之深厚底蕴。 |
| ● |
| 相关链接 |
|
|
|
|
正题名:听王国维谈国学
索取号:Z126-49/130
 
预约/预借
| 序号 | 登录号 | 条形码 | 馆藏地/架位号 | 状态 | 备注 |
| 1 | 1009935 | 210099356 | 第二样本阅览室/ [索取号:Z126-49/130] | 在馆 | |
| 2 | 1009936 | 210099365 | 教育系资料室/ [索取号:Z126-49/130] | 在馆 | |
| 3 | 1009937 | 210099374 | 教育系资料室/ [索取号:Z126-49/130] | 在馆 | |
| 4 | 1009938 | 210099383 | 教育系资料室/ [索取号:Z126-49/130] | 在馆 | |
| 5 | 1009939 | 210099392 | 第三借阅区/ [索取号:Z126-49/130] | 在馆 | |
| 6 | 1009940 | 210099409 | 第三借阅区/ [索取号:Z126-49/130] | 在馆 |